Si seulement je pouvais rêver... (notice n° 1631876)

détails MARC
000 -LEADER
fixed length control field 01913cam a2200241 4500500
005 - DATE AND TIME OF LATEST TRANSACTION
control field 20260111112215.0
041 ## - LANGUAGE CODE
Language code of text/sound track or separate title fre
042 ## - AUTHENTICATION CODE
Authentication code dc
100 10 - MAIN ENTRY--PERSONAL NAME
Personal name Cruz, Carla Marisa
Relator term author
245 00 - TITLE STATEMENT
Title Si seulement je pouvais rêver...
260 ## - PUBLICATION, DISTRIBUTION, ETC.
Date of publication, distribution, etc. 2014.<br/>
500 ## - GENERAL NOTE
General note 69
520 ## - SUMMARY, ETC.
Summary, etc. Comment élaborer les traumatismes qui ne peuvent être ni pensés ni verbalisés ? S’appuyant sur des citations de Ferenczi, Bion, Tustin, Winnicott, André Green, Thomas Ogden entre autres, l’auteure démontre que les aspects non-représentables du traumatisme ont été travaillés tout au long de la littérature psychanalytique. La description d’un cas clinique met en lumière comment l’existence de traumatismes précoces et simultanément l’absence d’intériorisation de la capacité de rêverie maternelle conduisent à la fragmentation du psychisme et à l’anéantissement de la fonction symbolique.
520 ## - SUMMARY, ETC.
Summary, etc. How can we talk about trauma which cannot be concieved of let alone spoken about ? The author illustrates through quotations by Ferenczi, Bion, Tustin, Winnicott, Andre Green, Thomas Ogden among others, how the aspects of trauma which are unrepresentable have been present throughout psychoanalytical literature. By means of a clinical case the author illustrates how the existence of premature trauma combined with the absence of introjection of the maternal capacity of reverie, lead to a breakdown of the psyche and the annihilation of the symbolic function.
690 ## - LOCAL SUBJECT ADDED ENTRY--TOPICAL TERM (OCLC, RLIN)
Topical term or geographic name as entry element incapacité de rêver
690 ## - LOCAL SUBJECT ADDED ENTRY--TOPICAL TERM (OCLC, RLIN)
Topical term or geographic name as entry element non-représentable
690 ## - LOCAL SUBJECT ADDED ENTRY--TOPICAL TERM (OCLC, RLIN)
Topical term or geographic name as entry element traumatisme
690 ## - LOCAL SUBJECT ADDED ENTRY--TOPICAL TERM (OCLC, RLIN)
Topical term or geographic name as entry element not unrepresentable
690 ## - LOCAL SUBJECT ADDED ENTRY--TOPICAL TERM (OCLC, RLIN)
Topical term or geographic name as entry element symbolic function
690 ## - LOCAL SUBJECT ADDED ENTRY--TOPICAL TERM (OCLC, RLIN)
Topical term or geographic name as entry element trauma
786 0# - DATA SOURCE ENTRY
Note Journal de la psychanalyse de l'enfant | 4 | 2 | 2014-10-13 | p. 151-161 | 0994-7949
856 41 - ELECTRONIC LOCATION AND ACCESS
Uniform Resource Identifier <a href="https://shs.cairn.info/revue-journal-de-la-psychanalyse-de-l-enfant-2014-2-page-151?lang=fr&redirect-ssocas=7080">https://shs.cairn.info/revue-journal-de-la-psychanalyse-de-l-enfant-2014-2-page-151?lang=fr&redirect-ssocas=7080</a>

Pas d'exemplaire disponible.

PLUDOC

PLUDOC est la plateforme unique et centralisée de gestion des bibliothèques physiques et numériques de Guinée administré par le CEDUST. Elle est la plus grande base de données de ressources documentaires pour les Étudiants, Enseignants chercheurs et Chercheurs de Guinée.

Adresse

627 919 101/664 919 101

25 boulevard du commerce
Kaloum, Conakry, Guinée

Réseaux sociaux

Powered by Netsen Group @ 2025